000 01674nam a2200325 4500
003 CO-CtgCURN
005 20250329165440.0
008 160531s1999 000 0 eng d
040 _aCO-CtgCURN
_bspa
_ccoctgcurn
082 0 _aINQ 1999
_bD542
100 1 _aDíaz Montes, Alcira.
245 1 0 _aEnfermedades mas frecuentes en la poblacion de Bayunca producidas por los coliformes totales, fecales y otros elementos debidos a los habitos de almacenamiento y consumo del agua /
_cAlcira Díaz Montes, Erika García Suarez, Melfi Jiménez Torres ; directores, Luis A. Mosquera, Jairo E. Rincon Ospino.
260 _aCartagena de Indias :
_bCorporación Universitaria Rafael Nuñez,
_c1999.
300 _a117 h.
336 _2rdacontent
337 _2rdamedia
_asin mediacion
_bn
338 _2rdacarrier
_avolumen
_bnc
500 _aIncluye anexos.
502 _aTrabajo de grado (Instrumentador Quirurgico). Corporación Universitaria Rafael Nuñez. Facultad de Ciencias de la Salud. Programa de Instrumentación Quirúrgica, 1999.
504 _aIncluye bibliografia.
590 _aInstrumentación Quirúrgica
650 0 _aInstrumentación Quirúrgica
_vTesis y disertaciones academicas.
700 1 _aGarcía Suarez, Erika.
700 1 _aJiménez Torres, Melfi.
700 1 _aMosquera, Luis A.,
_edirector.
700 1 _aRincon Ospino, Jairo E.,
_edirector.
856 7 _uhttps://unicurn.sharepoint.com/:b:/s/biblioteca/EZn2jd1T0CtEtgc4bnYWOmUBnlpDWwY1nA1yoo63vwiWKw?e=E3c1yu
_zClick aqui para ver el recurso en texto completo
942 _hINQ 1999
_iD542
_2ddc
_cTG
999 _c4376
_d4376